XI Roku 2014 wg. Tygodnika "Piłka Nożna" (Europa) - Statystyki

Ogólne statystyki
  • Ten quiz został rozwiązany 284 razy
  • Średni wynik to 10 z 11
Statystyki odpowiedzi
Pozycja Kraj Klub Zawodnik % Poprawnych
LS Portugalia Real Madryt Cristiano Ronaldo
99%
BR Niemcy Bayern Manuel Neuer
99%
ŚP Chorwacja Real Madryt Luka Modric
98%
ŚO Hiszpania Real Madryt Sergio Ramos
97%
ŚN Szwecja PSG Zlatan Ibrahimovic
97%
LO Austria Bayern David Alaba
96%
PS Holandia Bayern Arjen Robben
95%
ŚO Belgia Manchester City Vincent Kompany
92%
ŚP Niemcy Bayern / Real Madryt Toni Kroos
89%
ŚPD Niemcy Bayern Philipp Lahm
58%
PO Hiszpania Atletico Juanfran
51%
Nie znaleziono quizów pasujących do podanych kryteriów
Rozkład punktacji
Procent ludzi z każdym wynikiem
Percentyl według liczby udzielonych odpowiedzi
Twoja historia wyników
Nie rozwiązałeś tego quizu